| 000 | 00797nam a2200241Ia 4500 | ||
|---|---|---|---|
| 003 | GCL | ||
| 008 | 140319s9999 xx 000 0 ara d | ||
| 040 |
_aGCL / _cGCL |
||
| 082 | 0 | 4 |
_a370.732 _bا م |
| 100 | 1 | _aفتحى يوسف مبارك | |
| 245 | 1 | 0 |
_aالمواد الاجتماعية فى التعليم العام: اهدافها - مناهجها - طرق تدريسها / _cفتحى يوسف مبارك |
| 700 | 1 | _aابوالفتوح رضوان | |
| 260 |
_a[S.N] : _bدار المعارف ، _c1985 |
||
| 300 | _a339 ص | ||
| 490 | _a | ||
| 650 | 0 | 4 | _aالتربية |
| 650 | 0 | 4 | _aمناهج البحث |
| 650 | 0 | 4 | _aالاجتماع |
| 650 | 0 | 4 | _aتعليم |
| 650 | 0 | 4 | _aطرق تدريس المواد الاجتماعية |
| 650 | 0 | 4 | _aالمدرسون |
| 942 |
_2ddc _cBK |
||
| 999 |
_c56131 _d56131 |
||